000 01168nam a22002295i 4500
001 156459
003 ES-MaACL
005 20250930063134.0
008 040805s1851 sp |||| | spa d
080 _a339.5(495)
100 1 _aJove y Hevia, Plácido de,
_cVizconde de Campo Grande
_967050
245 1 0 _aSistema comercial de Grecia :
_bcon deducciones acerca de las relaciones de comercio que pueden establecerse entre este reino y España con ventaja para ambos países /
_cpor D. Plácido de Jove y Hevia.
260 _aMadrid :
_b[s.n.],
_c1851 (
_fImp. del Ministerio de Comercio, Instrucción y Obras Públicas)
300 _a72 p. ;
_c21 cm.
530 _aDisponible en formato digital.
594 _aEn port.: Inserto en el Boletín del Ministerio de Comercio, Instrucción y Obras Públicas
651 _aGrecia-
_xComercio exterior.
_9164398
710 1 _aEspaña.
_bMinisterio de Comercio, Instrucción y Obras Públicas.
_9170703
852 4 _aES-MaACL
_jT-34-F-6
_z- Enc. hol.
_z- Enc. en un vol. facticio
856 4 _uhttp://bdh-rd.bne.es/viewer.vm?id=0000193919&page=1
_zBiblioteca Digital Hispánica
999 _c156459
_d156459